History Quiz

Random History or Artist Quiz

Find More Spanish Paintings Quiz Stats

 Plays Quiz not verified by Sporcle

Score 0/12 Timer 04:00
7 Plays Today
% Correct
Beer Glass and Cards - Gris
91.2%
Le Concert - Andreu
90.3%
The Third of May 1808 - Goya
88.5%
The Triumph of
St. Hermenegild
- Herrera the Younger
86.8%
Cats' Paradise - Varo
86.1%
The Smile of the Flamboyant Wings - Miró
83.7%
The Kitchen - Picasso
83.5%
Le Nuage Noir - Barceló
79.5%
Bullfighting
- Carbonell
78.5%
The Surrender of Breda - Velázquez
72.5%
The Hallucinogenic Toreador
- Dalí
65.3%
Mari en Embajadores - López García
65%

You're not logged in!

Compare scores with friends on all Sporcle quizzes.
OR
Log In

You Might Also Like...

Show Comments

Extras

Top Quizzes Today


Score Distribution

Your Account Isn't Verified!

In order to create a playlist on Sporcle, you need to verify the email address you used during registration. Go to your Sporcle Settings to finish the process.

Report this User

Report this user for behavior that violates our Community Guidelines.

Details: